[Event "Tourn. n10148"]
[Site "www.echecsemail.com"]
[Date "2019.06.16"]
[Round "1"]
[White "Fegatux"]
[Black "Bira47"]
[WhiteElo "2300"]
[BlackElo "2010"]
[Result "1-0"]
[Round "1"]
1.d4 g6
2.c4 Bf8g7
3.Nb1c3 c6
4.e4 d6
5.Ng1f3 Bc8g4
6.Bf1e2 h6
7.O-O Ng8f6
8.Bc1e3 O-O
9.Qd1b3 Qd8c7
10.Ra1c1 b6
11.Nf3d2 Bg4xe2
12.Nc3xe2 e5
13.d5 c5
14.h3 Nb8d7
15.Ne2c3 a6
16.a4 Ra8b8
17.f3 Nf6h5
18.Nc3e2 f5
19.exf5 gxf5
20.f4 e4
21.Kh1 Bg7d4
22.Rf1g1 Bd4xe3
23.Qb3xe3 Nd7f6
24.g4 fxg4
25.hxg4 Nh5g7
26.g5 hxg5
27.Rg1xg5 Kf7
28.Rc1g1 Rf8h8
29.Kg2 Rb8g8
30.Kf1 Qc7c8
31.Nd2xe4 Nf6xe4
32.Qe3xe4 Qc8h3
33.Ke1 Qh3h4
34.Kd2 Qh4f2
35.Rg5xg7 Rg8xg7
36.Qe4e6 Kf8
37.Qe6c8 { resign }
1-0

[Event "Tourn. n10148"]
[Site "www.echecsemail.com"]
[Date "2019.06.16"]
[Round "1"]
[White "Bira47"]
[Black "Bojan"]
[WhiteElo "2010"]
[BlackElo "2070"]
[Result "1-0"]
[Round "1"]
1.c4 g6
2.g3 Bf8g7
3.Bf1g2 c6
4.Nb1c3 d6
5.b3 Bg7xc3
6.dxc3 Ng8f6
7.Bc1g5 h6
8.Bg5xf6 exf6
9.Ng1f3 f5
10.Qd1d4 Rh8g8
11.O-O-O Ke7
12.Qd4h4 Kd7
13.Qh4xh6 Kc7
14.c5 Nb8d7
15.cxd6 Kb8
16.Qh6d2 Qd8f6
17.Qd2d4 Qf6e6
18.Rh1e1 f6
19.e4 fxe4
20.Re1xe4 Qe6f7
21.Re4e7 Qf7f8
22.Rd1e1 a5
23.Nf3d2 Ra8a6
24.Nd2c4 b5
25.Nc4d2 f5
26.f4 Qf8d8
27.Re7g7 Qd8f8
28.Re1e7 c5
29.Rg7xg8 Qf8xg8
30.Qd4d5 Qg8xd5
31.Bg2xd5 Ra6xd6
32.c4 Nd7b6
33.Bd5f7 bxc4
34.Nd2xc4 Nb6xc4
35.bxc4 Bc8b7
36.Re7e6 Rd6xe6
37.Bf7xe6 Bb7f3
38.Kd2 Kc7
39.Be6f7 Bf3h5
40.h3 Kd6
41.Ke3 Ke7
42.Bf7d5 Kf6
43.h4 Bh5d1
44.Bd5f3 Bd1c2
45.g4 Bc2b1
46.a3 Bb1a2
47.g5 Ke6
48.Bf3e2 Ba2b1
49.h5 Kf7
50.h6 Bb1a2
51.Kd2 Ba2b3
52.Be2d1 Bb3xc4
53.Kc3 Bc4b5
54.Bd1b3 Kf8
55.Bb3c4 Bb5a4
56.Bc4a6 Ba4d7
57.Kc4 { resign }
1-0

[Event "Tourn. n10130"]
[Site "www.echecsemail.com"]
[Date "2019.06.16"]
[Round "1"]
[White "Pariolinius"]
[Black "Passaroa25"]
[WhiteElo "1870"]
[BlackElo "1720"]
[Result "1-0"]
[Round "1"]
1.d4 Ng8f6
2.c4 e6
3.Nb1c3 c6
4.Ng1f3 d6
5.Bc1g5 h6
6.Bg5h4 g5
7.Bh4g3 Bf8e7
8.e3 O-O
9.Bf1d3 Nb8d7
10.e4 Qd8c7
11.O-O b6
12.Qd1c2 Ra8b8
13.Rf1e1 Kg7
14.e5 Nf6e8
15.Nc3e4 f5
16.Ne4xd6 Be7xd6
17.exd6 Ne8xd6
18.h3 f4
19.Bg3h2 Nd6f5
20.Re1xe6 Kf7
21.Bd3xf5 Nd7f6
22.Nf3e5 Qc7xe5
23.Re6xe5 Bc8xf5
24.Qc2xf5 Rb8b7
25.Re5e6 Rb7e7
26.Qf5xf6 Ke8
27.Qf6xe7 
1-0

[Event "Tourn. n10155"]
[Site "www.echecsemail.com"]
[Date "2019.06.16"]
[Round "1"]
[White "Francesco"]
[Black "Bojan"]
[WhiteElo "2200"]
[BlackElo "1990"]
[Result "0-1"]
[Round "1"]
1.e4 d6
2.d4 Bc8d7
3.Bc1g5 h6
4.Bg5h4 c6
5.Bf1c4 g5
6.Bh4g3 Bf8g7
7.Ng1e2 Bd7g4
8.Nb1c3 Nb8d7
9.Qd1d3 Qd8a5
10.f3 Bg4h5
11.a3 Bh5g6
12.O-O Ng8f6
13.Ra1e1 Qa5b6
14.Bc4b3 d5
15.Qd3e3 Nf6h5
16.exd5 Nh5xg3
17.Ne2xg3 Bg7xd4
{ resign }
0-1

[Event "Tourn. n10103"]
[Site "www.echecsemail.com"]
[Date "2019.06.16"]
[Round "1"]
[White "Rons"]
[Black "Ssharp"]
[WhiteElo "2630"]
[BlackElo "2290"]
[Result "1-0"]
[Round "1"]
1.e4 e6
2.d4 d5
3.Nb1c3 Bf8b4
4.e5 c5
5.a3 Bb4xc3
6.bxc3 Ng8e7
7.Qd1g4 O-O
8.Bf1d3 c4
9.Bc1h6 Ne7g6
10.Bd3xg6 fxg6
11.Bh6e3 Qd8a5
12.Ng1e2 Nb8c6
13.O-O Bc8d7
14.Rf1b1 Qa5c7
15.a4 Rf8f7
16.Be3c1 Ra8e8
17.Bc1a3 Nc6e7
18.a5 Ne7c6
19.Ba3d6 Qc7c8
20.Ne2f4 Nc6d8
21.Nf4h3 Rf7f5
22.Bd6c5 Qc8b8
23.f4 Nd8f7
24.Qg4f3 Rf5h5
25.g4 Rh5h6
26.Kg2 a6
27.Rb1b6 Bd7c6
28.Nh3g5 Qb8d8
29.Ra1b1 Nf7xg5
30.fxg5 Qd8xg5
31.Rb1f1 Qg5d8
32.Qf3f7 Kh8
33.Bc5e7 { resign }
1-0

[Event "Tourn. n10155"]
[Site "www.echecsemail.com"]
[Date "2019.06.16"]
[Round "1"]
[White "Fantomas"]
[Black "Francesco"]
[WhiteElo "2210"]
[BlackElo "2200"]
[Result "1/2-1/2"]
[Round "1"]
1.e4 c6
2.d4 d5
3.e5 Bc8f5
4.Bf1d3 Bf5xd3
5.Qd1xd3 e6
6.Ng1h3 h6
7.Nb1c3 Nb8d7
8.O-O c5
9.Rf1e1 cxd4
10.Qd3xd4 Bf8c5
11.Qd4g4 g5
12.Qg4h5 Bc5e7
13.Nc3b5 Qd8b6
14.Nb5c3 O-O-O
15.Qh5e2 Be7b4
16.Bc1d2 Ng8e7
17.Ra1d1 Ne7f5
18.Qe2b5 Qb6xb5
19.Nc3xb5 Bb4xd2
20.Rd1xd2 a6
21.Nb5d4 Nf5xd4
{ draw }
1/2-1/2

[Event "Tourn. n10146"]
[Site "www.echecsemail.com"]
[Date "2019.06.16"]
[Round "1"]
[White "Malbertan"]
[Black "Scasan55"]
[WhiteElo "2030"]
[BlackElo "1970"]
[Result "1-0"]
[Round "1"]
1.e4 c5
2.Ng1f3 d6
3.d4 cxd4
4.Qd1xd4 Nb8c6
5.Bf1b5 Bc8d7
6.Bb5xc6 Bd7xc6
7.Nb1c3 Ng8f6
8.Bc1g5 e5
9.Qd4d2 Bf8e7
10.Bg5xf6 Be7xf6
11.Nc3d5 O-O
12.O-O-O Bc6xd5
13.Qd2xd5 Bf6e7
14.Qd5xb7 Be7g5
15.Kb1 Bg5f6
16.g4 Qd8a5
17.Qb7d5 Qa5b6
18.g5 Ra8b8
19.b3 Bf6e7
20.Qd5d2 a5
21.Nf3h4 a4
22.Nh4f5 Rf8e8
23.Nf5xe7 Re8xe7
24.Qd2xd6 axb3
25.Qd6xb6 bxa2
26.Kxa2 { resign }
1-0

[Event "Tourn. n10128"]
[Site "www.echecsemail.com"]
[Date "2019.06.16"]
[Round "1"]
[White "Asoka"]
[Black "Yudoka"]
[WhiteElo "2730"]
[BlackElo "2380"]
[Result "1-0"]
[Round "1"]
1.d4 d5
2.c4 c6
3.Ng1f3 Ng8f6
4.e3 e6
5.Bf1d3 Nb8d7
6.Nb1d2 Bf8e7
7.b3 O-O
8.O-O b6
9.Qd1e2 Bc8b7
10.Bc1b2 c5
11.Rf1d1 Ra8c8
12.Ra1c1 Qd8c7
13.cxd5 Nf6xd5
14.Bd3b1 Qc7b8
15.Nd2c4 Rf8d8
16.dxc5 bxc5
17.Nf3e5 Nd7f6
18.g4 g6
19.g5 Nf6h5
20.Qe2g4 Rd8f8
21.Ne5d7 { resign }
1-0

[Event "1/64 Finale"]
[Site "www.chess-mail.com"]
[Date "2019.06.16"]
[Round "1"]
[White "Bevittsmith"]
[Black "Gvladutz"]
[WhiteElo "2270"]
[BlackElo "2460"]
[Result "0-1"]
[Round "1"]
1.e4 c5
2.Ng1f3 Nb8c6
3.d4 cxd4
4.Nf3xd4 e6
5.Nd4b5 d6
6.c4 Ng8f6
7.Nb1c3 a6
8.Nb5a3 b6
9.Bf1e2 Bc8b7
10.O-O Nc6b8
11.f3 Nb8d7
12.Bc1f4 Qd8b8
13.Qd1d2 Bf8e7
14.Rf1d1 Nd7e5
15.Na3c2 O-O
16.h3 Qb8c7
17.Nc2e3 Rf8d8
18.Ra1c1 d5
19.cxd5 Ne5xf3
20.Be2xf3 Qc7xf4
21.Ne3f5 Be7c5
{ resign }
0-1

[Event "Fast Game"]
[Site "www.echecsemail.com"]
[Date "2019.06.16"]
[Round "1"]
[White "Comrade"]
[Black "Ranjachess"]
[WhiteElo "1599"]
[BlackElo "1620"]
[Result "1-0"]
[Round "1"]
1.c4 d6
2.d4 h6
3.e4 f5
4.Qd1h5 Kd7
5.Qh5xf5 e6
6.Qf5f7 Qd8e7
7.Qf7xe7 Bf8xe7
8.Ng1f3 c6
9.Nb1c3 Ng8f6
10.Bc1e3 d5
11.e5 Be7b4
12.exf6 Bb4xc3
13.bxc3 gxf6
14.cxd5 cxd5
15.Bf1b5 Kd8
16.g4 a6
17.Bb5d3 Nb8c6
18.Be3f4 e5
19.dxe5 Bc8xg4
20.Nf3d4 fxe5
21.Nd4xc6 bxc6
22.Bf4xe5 Rh8e8
23.f4 a5
24.Kd2 Ra8b8
25.Be5xb8 { resign }
1-0

[Event "Tourn. n10107"]
[Site "www.echecsemail.com"]
[Date "2019.06.17"]
[Round "1"]
[White "Iko"]
[Black "Passaroa25"]
[WhiteElo "1820"]
[BlackElo "1760"]
[Result "1-0"]
[Round "1"]
1.e4 Nb8c6
2.Bf1b5 e5
3.Bb5xc6 dxc6
4.Ng1f3 f6
5.O-O Ng8e7
6.d3 Ne7g6
7.Bc1e3 Bf8e7
8.h4 O-O
9.h5 Ng6f4
10.Be3xf4 exf4
11.Nf3h4 Be7d6
12.Nb1c3 g5
13.Nh4f3 Bc8g4
14.Qd1d2 Bg4xh5
15.Ra1e1 Ra8b8
16.d4 Bh5g6
17.g3 Kg7
18.e5 Bd6e7
19.gxf4 g4
20.exf6 Be7xf6
21.Nf3e5 Qd8e7
22.Ne5xg6 hxg6
23.Re1xe7 Bf6xe7
24.Qd2e3 Rb8e8
25.Qe3g3 Be7f6
26.Qg3xg4 Bf6xd4
27.Qg4d7 Kg8
28.Qd7xd4 a6
29.Qd4d7 Re8c8
30.Rf1e1 Rc8e8
31.Re1xe8 Rf8xe8
32.Qd7xe8 Kg7
33.Qe8d7 Kf6
34.Qd7xc7 { resign }
1-0

[Event "Match"]
[Site "www.echecsemail.com"]
[Date "2019.06.17"]
[Round "1"]
[White "Yudoka"]
[Black "Micheles"]
[WhiteElo "2370"]
[BlackElo "2550"]
[Result "0-1"]
[Round "1"]
1.d4 Ng8f6
2.Ng1f3 g6
3.c4 Bf8g7
4.Nb1c3 d5
5.Bc1f4 O-O
6.e3 c5
7.dxc5 Qd8a5
8.Ra1c1 Rf8d8
9.Qd1b3 Qa5xc5
10.Bf1e2 Nb8c6
11.O-O dxc4
12.Qb3xc4 Qc5b6
13.Nf3g5 e6
 { time }
0-1

[Event "Tourn. n10148"]
[Site "www.echecsemail.com"]
[Date "2019.06.17"]
[Round "1"]
[White "Jerome"]
[Black "Bojan"]
[WhiteElo "2199"]
[BlackElo "2070"]
[Result "1-0"]
[Round "1"]
1.e4 e5
2.Ng1f3 Nb8c6
3.Bf1b5 Qd8f6
4.Nb1c3 a6
5.Nc3d5 Qf6d6
6.Bb5a4 Ng8f6
7.c4 Nf6xd5
8.cxd5 Nc6a7
9.O-O h6
10.d4 exd4
11.Qd1xd4 Qd6g6
12.Nf3h4 Qg6g4
13.Nh4f5 Na7b5
14.Ba4xb5 axb5
15.h3 Qg4h5
16.Nf5xg7 Bf8xg7
17.Qd4xg7 Rh8f8
18.Bc1xh6 { resign }
1-0

[Event "Match"]
[Site "www.echecsemail.com"]
[Date "2019.06.17"]
[Round "1"]
[White "Micheles"]
[Black "Add"]
[WhiteElo "2540"]
[BlackElo "2090"]
[Result "1-0"]
[Round "1"]
1.d4 Ng8f6
2.Ng1f3 d5
3.Bc1g5 c5
4.e3 Nb8c6
5.c3 c4
6.Nb1d2 h6
7.Bg5f4 Bc8g4
8.Bf1e2 b5
9.h3 Bg4f5
10.Nf3e5 Nc6xe5
11.dxe5 Nf6e4
12.Nd2xe4 Bf5xe4
13.Be2f3 e6
14.Bf3xe4 dxe4
15.O-O Qd8xd1
16.Rf1xd1 Bf8c5
17.a4 Ra8b8
18.axb5 O-O
19.Ra1a4 Rb8xb5
20.Ra4xc4 Bc5b6
21.b4 Rb5d5
22.Rd1xd5 exd5
23.Rc4c6 Rf8d8
24.h4 Rd8d7
25.Kf1 Kf8
26.c4 dxc4
27.Rc6xc4 Kg8
28.Rc4xe4 Rd7d1
29.Ke2 Rd1d7
30.Re4c4 Kh7
31.g4 Bb6d8
32.Rc4d4 Rd7xd4
33.exd4 Bd8xh4
34.b5 Bh4d8
35.d5 { resign }
1-0

[Event "Tourn. n10136"]
[Site "www.echecsemail.com"]
[Date "2019.06.17"]
[Round "1"]
[White "Jerome"]
[Black "Amaya"]
[WhiteElo "1869"]
[BlackElo "2040"]
[Result "1-0"]
[Round "1"]
1.e4 e6
2.d4 d5
3.Nb1c3 Bf8b4
4.e5 c5
5.a3 Bb4xc3
6.bxc3 Ng8e7
7.Qd1g4 Qd8c7
8.Qg4xg7 Rh8g8
9.Qg7xh7 cxd4
10.Ng1e2 dxc3
11.f4 Nb8d7
12.Ne2d4 Nd7c5
13.Nd4b5 Qc7b6
14.Nb5d6 Kd8
15.Bc1e3 Nc5d3
16.Qh7xd3 Qb6b2
17.Ra1d1 Qb2xa3
18.Nd6xf7 Ke8
19.Qd3h7 Bc8d7
20.Nf7d6 { resign }
1-0

[Event "Tourn. n10086"]
[Site "www.echecsemail.com"]
[Date "2019.06.17"]
[Round "1"]
[White "Fegatux"]
[Black "Stepanpech"]
[WhiteElo "2240"]
[BlackElo "2560"]
[Result "0-1"]
[Round "1"]
1.d4 Ng8f6
2.c4 c5
3.d5 b5
4.f3 e6
5.e4 bxc4
6.Bf1xc4 Nf6xd5
7.Bc4xd5 exd5
8.Qd1xd5 Nb8c6
9.Ng1e2 Bc8a6
10.Nb1c3 Nc6b4
11.Qd5e5 Qd8e7
12.Qe5xe7 Bf8xe7
13.O-O Nb4c2
14.Ra1b1 Nc2d4
15.Kf2 Ba6d3
16.Rb1a1 Nd4c2
17.Ra1b1 c4
18.Bc1e3 f5
19.Nc3d5 fxe4
20.Nd5c7 Kd8
21.Nc7xa8 Nc2xe3
22.Kxe3 Be7c5
23.Kd2 e3
24.Kc3 Bd3xe2
25.Rf1h1 d5
26.Rb1e1 Be2d3
27.b3 d4
28.Kb2 c3
{ resign }
0-1

[Event "Tourn. n10104"]
[Site "www.echecsemail.com"]
[Date "2019.06.17"]
[Round "1"]
[White "Hansen"]
[Black "Passaroa25"]
[WhiteElo "1700"]
[BlackElo "1700"]
[Result "1-0"]
[Round "1"]
1.e4 Nb8c6
2.g4 d6
3.Ng1h3 h6
4.Nh3f4 Ng8f6
5.f3 e5
6.Nf4d3 Bc8d7
7.Bf1h3 Nc6d4
8.c3 Nd4e6
9.Qd1b3 Ne6c5
10.Qb3c4 g5
11.b4 Nc5e6
12.Nb1a3 Bf8e7
13.Bc1b2 a6
14.Nd3c1 b5
15.Qc4d3 Ne6f4
16.Qd3c2 Nf4xh3
17.c4 Nh3f4
18.Rh1g1 Nf4h3
19.Rg1f1 c6
20.c5 O-O
21.d4 Nh3f4
22.dxe5 Nf6h7
23.Qc2c3 Nf4g2
24.Kf2 Ng2f4
25.cxd6 Be7f6
26.exf6 Nh7xf6
27.Qc3xf6 Qd8xf6
28.Bb2xf6 Ra8e8
29.Rf1d1 Nf4e6
30.Nc1d3 Ne6f4
31.Nd3c5 Bd7c8
32.Ra1c1 Nf4e6
33.d7 Ne6xc5
34.Rc1xc5 Bc8xd7
35.Rd1xd7 Re8e6
36.Bf6d4 f6
37.Ke3 Rf8f7
38.Rd7d8 Kg7
39.f4 Kg6
40.f5 Kg7
41.fxe6 Rf7c7
42.e5 Rc7e7
43.Rc5xc6 Kg6
44.exf6 Re7a7
45.e7 Ra7xe7
46.fxe7 { resign }
1-0

[Event "Match"]
[Site "www.echecsemail.com"]
[Date "2019.06.17"]
[Round "1"]
[White "Astrys"]
[Black "Guidom"]
[WhiteElo "1799"]
[BlackElo "2060"]
[Result "0-1"]
[Round "1"]
1.e4 e5
2.Ng1f3 Nb8c6
3.Bf1b5 d6
4.d4 exd4
5.Nf3xd4 Bc8d7
6.Nb1c3 Bf8e7
7.O-O Be7f6
8.Nd4xc6 bxc6
9.Bb5c4 Bf6xc3
10.bxc3 Ng8e7
11.Bc1e3 O-O
12.Rf1e1 Ne7g6
13.Qd1d2 Ng6e5
 { time }
0-1

[Event "Match"]
[Site "www.echecsemail.com"]
[Date "2019.06.17"]
[Round "1"]
[White "Kevinking"]
[Black "Astrys"]
[WhiteElo "1910"]
[BlackElo "1799"]
[Result "1-0"]
[Round "1"]
1.e4 c5
2.Ng1f3 d6
3.d4 cxd4
4.Nf3xd4 Ng8f6
5.Nb1c3 a6
6.Bc1g5 Nb8d7
7.Bg5e3 e5
8.Nd4f3 Bf8e7
9.Bf1e2 O-O
10.h3 Qd8c7
11.O-O  { time }
1-0

[Event "Tourn. n10103"]
[Site "www.echecsemail.com"]
[Date "2019.06.17"]
[Round "1"]
[White "Ssharp"]
[Black "Seger"]
[WhiteElo "2300"]
[BlackElo "2780"]
[Result "0-1"]
[Round "1"]
1.e4 e5
2.Ng1f3 Nb8c6
3.Bf1c4 Bf8c5
4.b4 Bc5xb4
5.c3 Bb4a5
6.d4 d6
7.Qd1b3 Qd8d7
8.Nb1d2 exd4
9.cxd4 Ng8f6
10.e5 Nf6e4
11.Qb3d3 d5
12.Bc4b5 a6
13.Bb5xc6 Qd7xc6
14.O-O O-O
15.Bc1b2 Qc6b5
16.Qd3xb5 axb5
17.Nd2xe4 dxe4
18.Nf3g5 Bc8f5
19.f3 e3
20.a3 f6
21.Ng5e4 Bf5xe4
22.fxe4 fxe5
23.Rf1f3 exd4
24.Bb2xd4 e2
25.Rf3g3 Rf8d8
{ resign }
0-1

[Event "Match"]
[Site "www.echecsemail.com"]
[Date "2019.06.17"]
[Round "1"]
[White "Mitja"]
[Black "Ssharp"]
[WhiteElo "1990"]
[BlackElo "2320"]
[Result "0-1"]
[Round "1"]
1.d4 d5
2.e3 Ng8f6
3.c3 Bc8f5
4.b3 e6
5.Bc1b2 c5
6.dxc5 Bf8xc5
7.Ng1e2 Nb8c6
8.Ne2g3 Bf5g6
9.Bf1e2 O-O
10.O-O Qd8e7
11.Be2h5 Nf6xh5
12.Ng3xh5 f6
13.Nh5g3 Ra8d8
14.Qd1e2 Nc6e5
15.Nb1d2 Bg6d3
{ resign }
0-1

[Event "Tourn. n10149"]
[Site "www.echecsemail.com"]
[Date "2019.06.17"]
[Round "1"]
[White "Tonino1"]
[Black "Mitja"]
[WhiteElo "2040"]
[BlackElo "2000"]
[Result "1-0"]
[Round "1"]
1.f4 d5
2.d4 e6
3.e3 Ng8f6
4.Bf1d3 c6
5.Ng1f3 Nb8d7
6.O-O b6
7.Nb1d2 Bc8b7
8.Nf3e5 Nd7xe5
9.fxe5 Nf6d7
10.Qd1f3 Qd8e7
11.e4 dxe4
12.Nd2xe4 h6
13.Ne4d6 { resign }
1-0

[Event "Match"]
[Site "www.echecsemail.com"]
[Date "2019.06.17"]
[Round "1"]
[White "Mitja"]
[Black "Bojan"]
[WhiteElo "2000"]
[BlackElo "2020"]
[Result "0-1"]
[Round "1"]
1.d4 d5
2.e3 a6
3.c3 Bc8f5
4.h3 Qd8d6
5.Ng1f3 f6
6.b3 h5
7.h4 Nb8c6
8.Bc1a3 Qd6e6
9.Ba3b2 Bf5g4
10.Bf1e2 Qe6d7
11.Nf3h2 Bg4f5
12.Be2d3 g6
13.Bd3xf5 Qd7xf5
14.Nh2f3 Bf8h6
15.Qd1e2 e5
16.dxe5 fxe5
17.Nb1a3 Rh8h7
18.c4 e4
19.Nf3d4 Nc6xd4
20.Bb2xd4 O-O-O
21.cxd5 Rd8xd5
22.Na3c4 Rh7d7
23.O-O Ng8e7
24.Rf1d1 Ne7c6
25.Bd4c3 Qf5f8
26.Rd1xd5 Rd7xd5
27.Ra1d1 Qf8d8
28.Rd1xd5 Qd8xd5
29.a4 b6
30.Nc4d2 Kb7
31.Nd2c4 Bh6f8
32.Qe2c2 Bf8b4
33.Bc3b2 Bb4e7
34.g3 Nc6b4
35.Qc2d2 Nb4d3
36.Bb2d4 Qd5f5
37.Qd2c2 g5
38.hxg5 Qf5xg5
39.Nc4d2 Qg5g6
40.Kf1 Qg6g4
41.Nd2c4 h4
42.gxh4 Qg4xh4
43.Ke2 Qh4xf2
{ resign }
0-1

[Event "Tourn. n10121"]
[Site "www.echecsemail.com"]
[Date "2019.06.17"]
[Round "1"]
[White "Yudoka"]
[Black "Aperturaf"]
[WhiteElo "2400"]
[BlackElo "2740"]
[Result "0-1"]
[Round "1"]
1.d4 e6
2.c4 f5
3.Ng1f3 b6
4.g3 Bf8b4
5.Bc1d2 Bb4xd2
6.Nb1xd2 Ng8f6
7.Bf1g2 Bc8b7
8.O-O O-O
9.Qd1c2 c5
10.d5 exd5
11.Nf3h4 g6
12.cxd5 Nb8a6
13.d6 Bb7xg2
14.Nh4xg2 Na6b4
15.Qc2c4 Kg7
16.Ra1d1 Qd8e8
17.a3 Nb4c6
18.Ng2f4 Qe8f7
19.Qc4c3 g5
20.Nf4d3 Nc6d4
21.Rf1e1 Ra8e8
{ resign }
0-1

[Event "1/128 Finale"]
[Site "www.chess-mail.com"]
[Date "2019.06.17"]
[Round "1"]
[White "Mitja"]
[Black "Argento"]
[WhiteElo "1990"]
[BlackElo "1799"]
[Result "0-1"]
[Round "1"]
1.d4 d5
2.e3 Ng8f6
3.c3 Bc8f5
4.h3 e6
5.Ng1e2 Bf8d6
6.Ne2g3 Bf5g6
7.Bf1d3 Bg6xd3
8.Qd1xd3 Bd6xg3
9.fxg3 Qd8d6
10.O-O Qd6xg3
11.Qd3b5 Nb8d7
12.Qb5xb7 O-O
13.Qb7b5 Qg3d6
14.Qb5e2 Nf6e4
15.Qe2f3 f5
16.Qf3f4 Qd6xf4
17.exf4 Rf8b8
18.Nb1d2 Ne4xd2
19.Bc1xd2 Rb8xb2
20.Rf1f2 Nd7f6
21.Bd2c1 Rb2xf2
22.Kxf2 Nf6e4
23.Kg1 Ne4xc3
24.Bc1e3 Ra8b8
25.Kf1 Rb8b1
26.Ra1xb1 Nc3xb1
27.Ke1 Kf7
{ resign }
0-1

[Event "Match"]
[Site "www.echecsemail.com"]
[Date "2019.06.18"]
[Round "1"]
[White "Insearchof"]
[Black "Gimmyg"]
[WhiteElo "2170"]
[BlackElo "2560"]
[Result "1-0"]
[Round "1"]
1.d4 Ng8f6
2.c4 e6
3.Ng1f3 b6
4.a3 Bc8b7
5.Nb1c3 d5
6.cxd5 Nf6xd5
7.Qd1c2 Nd5xc3
8.bxc3 Bf8e7
9.e4 O-O
10.Bf1d3 h6
11.O-O c5
12.Qc2e2 Nb8c6
13.Rf1d1 cxd4
14.cxd4 Nc6xd4
15.Nf3xd4 Qd8xd4
16.Bc1b2 Qd4a4
17.Bd3b5 Qa4a5
18.Rd1d7 { resign }
1-0

[Event "Tourn. n10136"]
[Site "www.echecsemail.com"]
[Date "2019.06.18"]
[Round "1"]
[White "Amaya"]
[Black "Fabos12"]
[WhiteElo "2040"]
[BlackElo "1860"]
[Result "1-0"]
[Round "1"]
1.d4 e6
2.e3 Nb8c6
3.Bf1d3 Ng8f6
4.Nb1d2 b6
5.f4 Bc8b7
6.Ng1f3 Nc6e7
7.O-O h6
8.c3 Ra8c8
9.a3 d5
10.Nf3e5 Nf6e4
11.Qd1f3 Ne4xd2
12.Bc1xd2 a6
13.Qf3h5 g6
14.Bd3xg6 fxg6
15.Ne5xg6 Ne7xg6
16.Qh5xg6 Ke7
17.Bd2e1 Qd8e8
18.Qg6g3 Qe8f7
{ time. }
1-0

[Event "Tourn. n10124"]
[Site "www.echecsemail.com"]
[Date "2019.06.18"]
[Round "1"]
[White "Comrade"]
[Black "Coolant"]
[WhiteElo "2290"]
[BlackElo "2350"]
[Result "0-1"]
[Round "1"]
1.c4 f5
2.Nb1c3 Ng8f6
3.d4 g6
4.g3 Bf8g7
5.Bf1g2 O-O
6.e3 c6
7.Ng1e2 d6
8.O-O e5
9.dxe5 dxe5
10.Qd1b3 Qd8b6
11.Qb3xb6 axb6
12.e4 Bc8e6
13.b3 Nb8d7
14.Bc1e3 Ra8a6
15.Rf1d1 Kf7
16.exf5 gxf5
17.f4 Nf6g4
18.Be3d2 e4
19.h3 Ng4f6
20.Bd2e3 Rf8a8
21.Rd1d2 Nd7c5
22.Be3xc5 bxc5
23.Ra1d1 h5
24.Nc3a4 b6
25.Rd2d8 Ra6xa4
26.bxa4 Ra8xa4
27.Ne2c3 Ra4xc4
28.Nc3b1 Nf6d5
29.Bg2f1 Bg7d4
30.Kh1 Rc4c2
31.Nb1a3 Rc2xa2
32.Na3c4 Ke7
33.Rd8h8 Bd4xh8
{ resign }
0-1

[Event "Tourn. n10143"]
[Site "www.echecsemail.com"]
[Date "2019.06.18"]
[Round "1"]
[White "Esperanza"]
[Black "Fantomas"]
[WhiteElo "2060"]
[BlackElo "2240"]
[Result "0-1"]
[Round "1"]
1.e4 e5
2.Ng1f3 Nb8c6
3.Bf1c4 d6
4.O-O h6
5.c3 Ng8f6
6.d3 Nc6a5
7.Bc4b5 c6
8.Bb5a4 b5
9.Ba4c2 Na5b7
10.Nb1d2 Bc8e6
11.Rf1e1 Bf8e7
12.Nd2f1 Qd8d7
13.Nf1g3 O-O
14.d4 Qd7c7
15.Nf3h4 Rf8e8
16.Nh4f5 Be7f8
17.Qd1f3 Qc7d8
18.Bc1e3 { time. }
0-1

[Event "Tourn. n10143"]
[Site "www.echecsemail.com"]
[Date "2019.06.18"]
[Round "1"]
[White "Eugenius"]
[Black "Esperanza"]
[WhiteElo "2260"]
[BlackElo "2060"]
[Result "0-1"]
[Round "1"]
1.d4 Ng8f6
2.c4 g6
3.Nb1c3 Bf8g7
4.e4 d6
5.Ng1f3 O-O
6.Bf1e2 e5
7.d5 a5
8.h3 Nb8d7
9.Bc1g5 Nd7c5
 { time }
0-1

[Event "Tourn. n10128"]
[Site "www.echecsemail.com"]
[Date "2019.06.18"]
[Round "1"]
[White "Rons"]
[Black "Asoka"]
[WhiteElo "2640"]
[BlackElo "2730"]
[Result "0-1"]
[Round "1"]
1.e4 e5
2.Ng1f3 Nb8c6
3.Bf1b5 a6
4.Bb5a4 Ng8f6
5.O-O d6
6.Ba4xc6 bxc6
7.d4 exd4
8.Nf3xd4 c5
9.Nd4c6 Qd8d7
10.Nc6a5 Qd7a4
11.Bc1d2 Bf8e7
12.f3 Bc8e6
13.Kh1 O-O
14.b3 Qa4d7
15.c4 Ra8e8
16.Nb1c3 c6
17.Nc3e2 Nf6h5
18.g4 Nh5f6
19.Ne2g3 h6
20.Ng3f5 Be7d8
21.Rf1g1 d5
22.e5 Be6xf5
23.exf6 Bf5g6
24.fxg7 Kxg7
25.cxd5 cxd5
26.Qd1c1 Kh7
27.Qc1xc5 Re8e2
28.Qc5xf8 Re2xd2
29.Rg1g2 Rd2xg2
30.Kxg2 Bd8xa5
31.Qf8c5 Ba5c7
32.Ra1d1 Qd7e6
33.Rd1xd5 Bc7b6
34.Qc5c4 Qe6e3
35.Qc4f1 a5
36.Rd5d1 Bg6c2
37.Rd1d7 Kg8
38.h4 a4
39.b4 Bb6d4
40.Rd7xd4 Qe3xd4
41.Qf1c1 Bc2b3
42.Qc1xh6 Bb3xa2
43.Qh6g5 Kf8
44.Qg5h6 Ke7
45.Qh6g5 Ke6
46.Qg5f5 Kd6
47.Qf5c8 Ba2d5
48.Kg3 Bd5c6
49.Qc8d8 Bc6d7
50.b5 Qd4e5
51.Kh3 Qe5xb5
52.Qd8f6 Bd7e6
53.Qf6d8 Kc6
54.Qd8e8 Kc5
55.Qe8a8 Kb4
56.Qa8e4 Qb5c4
57.Qe4e1 Kb5
58.Qe1e5 Qc4c5
59.Qe5a1 a3
60.Qa1f1 Kc6
61.Qf1a6 Kc7
62.Qa6a4 a2
{ resign }
0-1

[Event "Tourn. n10135"]
[Site "www.echecsemail.com"]
[Date "2019.06.18"]
[Round "1"]
[White "Passaroa25"]
[Black "Bgm9"]
[WhiteElo "1740"]
[BlackElo "1749"]
[Result "0-1"]
[Round "1"]
1.Nb1c3 Nb8c6
2.Ng1f3 Ng8f6
3.d4 d5
4.b3 e6
5.e3 Bf8b4
6.Bc1d2 Bb4xc3
7.Bd2xc3 Nf6e4
8.Bc3d2 O-O
9.Bf1e2 h6
10.O-O a6
11.c3 b5
12.Bd2e1 Bc8b7
13.Qd1c2 Nc6e7
14.Nf3e5 Ra8c8
15.Be2d3 f5
16.f3 Ne4d6
17.f4 Nd6e4
18.g3 c5
19.Ne5f3 c4
20.Bd3e2 Qd8c7
21.Nf3e5 Kh7
22.b4 Ne7c6
23.a4 Nc6xe5
24.axb5 Ne5g4
25.h3 Ng4xe3
26.Qc2b1 Ne3xf1
27.Be2xf1 axb5
28.Kg2 Rc8a8
29.Ra1xa8 Rf8xa8
30.Qb1d1 Ra8a2
31.Kf3 Bb7c6
32.g4 Qc7a7
33.Bf1e2 Ra2a1
34.Qd1xa1 Qa7xa1
35.gxf5 Qa1xe1
36.Kg4 Qe1xe2
37.Kh4 Bc6e8
38.fxe6 Qe2h5

0-1

[Event "Tourn. n10123"]
[Site "www.echecsemail.com"]
[Date "2019.06.18"]
[Round "1"]
[White "Iko"]
[Black "Johnmcbride"]
[WhiteElo "1820"]
[BlackElo "1910"]
[Result "0-1"]
[Round "1"]
1.e4 e5
2.Ng1f3 Nb8c6
3.Bf1b5 Ng8f6
4.Bb5xc6 bxc6
5.Nf3xe5 Nf6xe4
6.Qd1e2 d5
7.c4 Qd8g5
8.h4 Qg5xe5
9.Nb1c3 Bf8d6
10.d3 Ne4xc3
11.bxc3 Qe5xe2
12.Kxe2 O-O
13.Rh1h3 Bc8xh3
14.gxh3 Rf8e8
15.Kf1 Re8e6
16.Ra1b1 Ra8e8
17.Bc1e3 Re6f6
18.Be3xa7 Bd6g3
19.Kg2 Bg3d6
20.c5 Bd6f8
21.Rb1b7 Re8e7
22.a4 Rf6g6
23.Kh2 Re7e2
24.Rb7xc7 Re2xf2
25.Kh1 Rf2a2
26.h5 Rg6e6
27.Ba7b6 Re6e1

0-1

[Event "Tourn. n10110"]
[Site "www.echecsemail.com"]
[Date "2019.06.18"]
[Round "1"]
[White "Apdash"]
[Black "Orhany24"]
[WhiteElo "2180"]
[BlackElo "2080"]
[Result "1-0"]
[Round "1"]
1.e4 d5
2.e5 c5
3.c3 d4
4.Qd1f3 Nb8c6
5.Bf1b5 Bc8d7
6.Bb5xc6 Bd7xc6
7.Qf3g3 e6
8.d3 Ng8e7
9.cxd4 cxd4
10.Ng1f3 Ne7f5
11.Qg3f4 Bf8e7
12.O-O O-O
13.Nb1d2 g5
14.Qf4g4 h6
15.Nd2b3 Qd8d5
16.Nb3xd4 Nf5xd4
17.Nf3xd4 h5
18.Nd4xc6 bxc6
19.Qg4xh5 Qd5xe5
20.Ra1b1 Qe5f5
21.Bc1d2 Kg7
22.Bd2c3 f6
23.f4 Be7c5
24.d4 Bc5b6
25.fxg5 Qf5xg5
26.Qh5f3 c5
27.dxc5 Bb6xc5
28.Kh1 e5
29.Qf3d5 Bc5b6
30.Rf1f3 Rf8h8
31.Rb1f1 Ra8d8
32.Qd5b7 Kg6
33.Bc3e1 Rh8h7
34.Rf3xf6 { resign }
1-0

[Event "Tourn. n10141"]
[Site "www.echecsemail.com"]
[Date "2019.06.18"]
[Round "1"]
[White "Libiesse"]
[Black "Andychesston"]
[WhiteElo "1860"]
[BlackElo "1980"]
[Result "0-1"]
[Round "1"]
1.Ng1f3 Nb8c6
2.d4 d5
3.c4 dxc4
4.e4 Bc8g4
5.Bf1xc4 Bg4xf3
6.gxf3 Nc6xd4
7.Qd1a4 c6
8.Bc4e2 b5
9.Qa4d1 e5
10.a3 Bf8c5
11.Bc1e3 Qd8b6
12.Be3xd4 { time. }
0-1

[Event "1/128 Finale"]
[Site "www.chess-mail.com"]
[Date "2019.06.18"]
[Round "1"]
[White "Osopanda"]
[Black "Paulsyd"]
[WhiteElo "1460"]
[BlackElo "2720"]
[Result "0-1"]
[Round "1"]
1.e4 e5
2.Ng1f3 Nb8c6
3.Bf1b5 a6
4.Bb5a4 Ng8f6
5.d3 Bf8c5
6.c3 b5
7.Ba4c2 d5
8.exd5 Nf6xd5
9.O-O O-O
10.Nf3xe5 Nc6xe5
11.Nb1d2 Bc5xf2
12.Rf1xf2 Nd5e3
13.Qd1h5 Ne3xc2
14.Ra1b1 Ne5xd3
15.Rf2e2 Nd3f4
16.Qh5f3 Nf4xe2
17.Kh1 Rf8e8
18.Nd2f1 Qd8d1
{ resign }
0-1

[Event "1/64 Finale"]
[Site "www.chess-mail.com"]
[Date "2019.06.18"]
[Round "1"]
[White "Passaroa25"]
[Black "Esperanza"]
[WhiteElo "1770"]
[BlackElo "2060"]
[Result "1-0"]
[Round "1"]
1.Nb1c3 Ng8f6
2.Ng1f3 g6
3.b3 Bf8g7
4.Bc1b2 d6
5.g3 O-O
6.Bf1g2 e5
7.O-O Nb8c6
8.e4 Bc8g4
9.h3 Bg4xf3
10.Bg2xf3 Nc6d4
11.Bf3e2 Nd4xe2
12.Qd1xe2 c6
{ time. }
1-0